LEADER 01219nam a2200229 i 4500 001 000000159743 003 CaOOAMICUS 005 20070302000000.0 008 070302s1993 it u000 u ita u 013 $a137106 040 $aSeMil$bita 100 1 $aGervasoni, Adriano.$0(OLS)http://semarc/name/41967 245 10$aS. Donnino nell'arte :$bL'iconografia del Martire Patrono della Cittą e Diocesi di Fidenza nel territorio diocesano /$cAdriano Gervasoni, Licinio Boarini. 260 $a[S.l. :$bs.n.],$c1993$e(Piacenza :$fGrafiche Lama,$g1993) 300 $a93 p. :$briccamente ill. ;$c24 cm. 500 $aContiene : L'iconografia di San Donnino dal dodicesimo secolo dopo Cristo al ventesimo secolo , L'iconografia di San Donnino nel ventesimo secolo. - Contiene : Bibliografia. 700 1 $aBoarini, Licinio.$0(OLS)http://semarc/name/41968 850 $aSeMil 852 $aSeMil$W1$xVenegono$y1$m5K XVI 42$j111273$B111273$CSeMilBibl$Z2$F122030 $81 961 $aOmaggio: Altro 996 $6245$aS. Donnino nell'arte :$bL'iconografia del Martire Patrono della Cittą e Diocesi di Fidenza nel territorio diocesano$9(OLS)http://semarc/title/141940 996 $6260$a[S.l. :$bs.n.]$9(OLS)http://semarc/publisher/29751 LEADER 00945nam a2200253 i 4500 001 000000034465 003 CaOOAMICUS 005 20070502000000.0 008 070502s1995 it u000 u ita u 013 $a984 040 $aSeMil$bita 100 1 $aCampana, Domenico.$0(OLS)http://semarc/name/15820 240 00$aBibbia. Nuovo Testamento. Lettere di Paolo.$0(OLS)http://semarc/title/46644 245 13$aLa stanza dello scirocco /$cDomenico Campana. 250 $a4. Ed. 260 $aPalermo :$bSellerio,$c1995. 300 $a117 p. ;$c17 cm. 490 0 $aLa memoria ;$v127 830 3$aLa memoria ;$v127.$0(OLS)http://semarc/title/10970 850 $aSeMil 852 $aSeMil$W1$xVenegono$y1$m1D I 178$j620$B620$CSeMilBibl$Z2$F620 $81 961 $aLascito: Chierichetti mons. Giovanni 996 $6245$aLa stanza dello scirocco$9(OLS)http://semarc/title/46645 996 $6260$aPalermo :$bSellerio$9(OLS)http://semarc/publisher/32246